[Event "Pasto Narino Cup"]
[Site "Pasto"]
[Date "2022.07.23"]
[Round "2"]
[White "Bastidas Portilla, Daniel Sebastian"]
[Black "Araujo Agreda, Hallye Valentina"]
[Result "1-0"]
[WhiteElo "1600"]
[BlackElo "1298"]
[PlyCount "77"]
[EventDate "2022.07.23"]
[EventType "swiss"]
[EventRounds "6"]
[EventCountry "COL"]
[SourceTitle "CBM 209 Extra"]
[Source "ChessBase"]
[SourceDate "2022.09.30"]
[SourceVersion "1"]
[SourceVersionDate "2022.09.30"]
[SourceQuality "1"]

1. e4 c5 2. c3 Nc6 3. Nf3 g6 4. d4 cxd4 5. cxd4 Bg7 6. Be3 d6 7. Nc3 Nf6 8. Bd3 0-0 9. a3 a6 10. Qd2 Qc7 11. Bh6 Ng4 12. Bxg7 Kxg7 13. h3 Nf6 14. 0-0 Bd7 15. d5 Ne5 16. Nxe5 dxe5 17. Rac1 Qd6 18. Rfe1 e6 19. f4 exd5 20. fxe5 Qxe5 21. exd5 Qd4+ 22. Kh1 Nxd5 23. Re4 Qc5 24. Na4 Qd6 25. Bc4 Bc6 26. Rd4 Bxa4 27. Rxd5 Qe7 28. Re1 Qh4 29. Rd4 Qf6 30. Rf1 Qe7 31. Rdf4 f6 32. Re1 Qc5 33. Rfe4 Rf7 34. Bxf7 Kxf7 35. Rxa4 Qb5 36. Rae4 Qb6 37. Qd7+ Kf8 38. Re8+ Rxe8 39. Rxe8# 1-0